|
|
|
|
| LEADER |
00956nam a2200253 i 4500 |
| 001 |
c000048520 |
| 003 |
CARM |
| 005 |
00000000000000.0 |
| 008 |
s1975 0 d |
| 019 |
1 |
|
|a 10213487
|z 2547113
|5 LACONCORD2021
|
| 035 |
|
|
|a (OCoLC)3019333
|5 LACONCORD2021
|
| 100 |
1 |
|
|a Caso, Antonio,
|d 1883-1946.
|
| 245 |
1 |
0 |
|a Idealismo vs materialismo dialectico /
|c Caso, Lombardo.
|
| 250 |
|
|
|a 3. ed.
|
| 260 |
|
|
|a Mexico :
|b V. Lombardo Toledano,
|c 1975.
|
| 300 |
|
|
|a 284p.
|
| 500 |
|
|
|a Cover title; Materialismo vs. idealismo.
|
| 650 |
|
0 |
|a Idealism.
|
| 650 |
|
0 |
|a Dialectical materialism.
|
| 700 |
2 |
0 |
|a Lombardo Toledano, Vicente,
|d 1894-1968.
|
| 740 |
0 |
0 |
|a Materialismo vs. [i.e. viceversa] idealismo.
|
| 852 |
8 |
|
|b CARM
|h A2:AF38G0
|i A00465
|p 0075203
|f BK
|
| 999 |
f |
f |
|i 237f3735-4b19-5799-b241-4da3c2e9446f
|s 02294aa6-1bc9-5570-bff1-b2de00e562fe
|
| 952 |
f |
f |
|p Can circulate
|a CAVAL
|b CAVAL
|c CAVAL
|d CARM 1 Store
|e A00465
|f A2:AF38G0
|h Other scheme
|i book
|m 0075203
|